Elementary linear algebra / (Record no. 5093)
[ view plain ]
| 000 -LEADER | |
|---|---|
| fixed length control field | 00965nam a22003015a 4500 |
| 005 - DATE AND TIME OF LATEST TRANSACTION | |
| control field | 20240818092802.0 |
| 008 - FIXED-LENGTH DATA ELEMENTS--GENERAL INFORMATION | |
| fixed length control field | 180114t2004 maua frb 001 0 eng d |
| 010 ## - | |
| -- | 2002117256 |
| 020 ## - INTERNATIONAL STANDARD BOOK NUMBER | |
| International Standard Book Number | 0618335676 |
| 020 ## - INTERNATIONAL STANDARD BOOK NUMBER | |
| International Standard Book Number | 9780618335671 |
| 040 ## - CATALOGING SOURCE | |
| Original cataloging agency | EG-ScBUE |
| Language of cataloging | eng |
| Transcribing agency | EG-ScBUE |
| Modifying agency | EG-ScBUE |
| 082 04 - DEWEY DECIMAL CLASSIFICATION NUMBER | |
| Classification number | 512.5 |
| Item number | LAR |
| Edition number | 22 |
| 100 1# - MAIN ENTRY--PERSONAL NAME | |
| Personal name | Larson, Ron. |
| 245 10 - TITLE STATEMENT | |
| Title | Elementary linear algebra / |
| Statement of responsibility, etc | Ron Larson, Bruce H. Edwards, David C. Falvo. |
| 250 ## - EDITION STATEMENT | |
| Edition statement | 5th ed. |
| 260 ## - | |
| -- | Boston : |
| -- | Houghton Mifflin Company, |
| -- | c.2004. |
| 300 ## - PHYSICAL DESCRIPTION | |
| Extent | 1 v. (various pagings) : |
| Other physical details | ill. ; |
| Dimensions | 24 cm. |
| 336 ## - CONTENT TYPE | |
| Source | rdacontent |
| Content type term | text |
| Content type code | txt |
| 337 ## - MEDIA TYPE | |
| Media type term | unmediated |
| Source | rdamedia |
| Media type code | n |
| 338 ## - CARRIER TYPE | |
| Carrier type term | volume |
| Carrier type code | nc |
| Source | rdacarrier |
| 504 ## - BIBLIOGRAPHY, ETC. NOTE | |
| Bibliography, etc | Includes bibliographical references and index. |
| 650 #7 - SUBJECT ADDED ENTRY--TOPICAL TERM | |
| Topical term or geographic name as entry element | Algebras, Linear. |
| Source of heading or term | BUEsh |
| 651 ## - SUBJECT ADDED ENTRY--GEOGRAPHIC NAME | |
| Source of heading or term | BUEsh |
| 653 ## - INDEX TERM--UNCONTROLLED | |
| Resource For college | Engineering, General |
| Arrived date list | January2018 |
| 700 1# - ADDED ENTRY--PERSONAL NAME | |
| Personal name | Edwards, Bruce H. |
| 700 1# - ADDED ENTRY--PERSONAL NAME | |
| Personal name | Falvo, David C. |
| 9 (RLIN) | 3440 |
| 942 ## - ADDED ENTRY ELEMENTS (KOHA) | |
| Source of classification or shelving scheme | Dewey Decimal Classification |
| Classification part | RDA-MOD |
| Withdrawn status | Lost status | Source of classification or shelving scheme | Damaged status | Not for loan | Home library | Current library | Shelving location | Date acquired | Source of acquisition | Total Checkouts | Full call number | Barcode | Date last seen | Koha item type | Collection code | Total Renewals | Date checked out | Price effective from |
|---|---|---|---|---|---|---|---|---|---|---|---|---|---|---|---|---|---|---|
| Dewey Decimal Classification | Central Library | Central Library | First floor | 07/10/2016 | Purchase | 512.5 LAR | 000006177 | 15/07/2025 | NB - Book (Non borrowing) | |||||||||
| Dewey Decimal Classification | Central Library | Central Library | First floor | 14/01/2018 | Donation | 2 | 512.5 LAR | 000042828 | 15/07/2025 | Book - Borrowing | Donation-Gift | 12 | 30/11/2023 | 14/01/2018 |